Kumpulan seminar ekonomi industri (Record no. 69955)

MARC details
000 -LEADER
fixed length control field 00522cam a22002051 4500
001 - CONTROL NUMBER
control field sa 66005460
003 - CONTROL NUMBER IDENTIFIER
control field DLC
005 - DATE AND TIME OF LATEST TRANSACTION
control field 20260227112249.0
008 - FIXED-LENGTH DATA ELEMENTS--GENERAL INFORMATION
fixed length control field 890420s1964 io 000 0 ind
010 ## - LIBRARY OF CONGRESS CONTROL NUMBER
LC control number sa 66005460
035 ## - SYSTEM CONTROL NUMBER
System control number (OCoLC)23547365
040 ## - CATALOGING SOURCE
Original cataloging agency DLC
Transcribing agency MiU
Modifying agency DLC
042 ## - AUTHENTICATION CODE
Authentication code premarc
050 00 - LIBRARY OF CONGRESS CALL NUMBER
Classification number HD37
Item number .D47
100 1# - MAIN ENTRY--PERSONAL NAME
Personal name Didong, Rustam.
245 10 - TITLE STATEMENT
Title Kumpulan seminar ekonomi industri
260 ## - PUBLICATION, DISTRIBUTION, ETC.
Place of publication, distribution, etc. [Djakarta,
Date of publication, distribution, etc. 1964?]
300 ## - PHYSICAL DESCRIPTION
Extent 1 v. (various pagings)
Dimensions 32 cm.
650 #0 - SUBJECT ADDED ENTRY--TOPICAL TERM
Topical term or geographic name entry element Industrial management

No items available.

Powered by Koha